| Registos Bibliográficos associados ao registo de autoridade |
|
Etiqueta de registo: 00254nam 2200025 450 001 2283917 003 http://id.bnportugal.gov.pt/bib/catbnp/2283917 100 ## $a20260408d1724 m y0pory01030103ba 101 0# $alat 102 ## $aDX 105 ## $aa z 000yy 106 ## $ar 200 1# $aDe imitatione Christi libri quatuor$fauctore venerabili viro Joanne Gersene de Canabaco, ordinis Sancti Benedicti, abbate
Vercellensi$gelegiace redditi paraphraste R. P. F. Thoma Mezlero monacho Zwifaltensi opera R. P.
Thomae Aq. Erhard benedictini Wessofontani de novo editi 205 ## $aEditio tertia 210 #9 $aAugustae Vindelicorum$csumptibus Joannis Strötter Bibliop.$ctypis Antonii Maximiliani Heis,$d1724 215 ## $a[22], 182 p.$cil.$d8º (17 cm) 307 ## $aAnterrosto calcogr. 307 ## $aF. de rosto impressa a preto e vermelho 307 ## $aAssin.: a//[8], b//4, A-L//8, M//4 321 ## $aICCU IT\ICCU\TO0E\038790 620 ## $dAugsburg 700 #1 $aGerson,$bJean Charlier de,$f1369-1429$332485 702 #1 $aMezler,$bThomas,$ffl. 1650$4340$31995068 702 #1 $aErhard,$bThomas Aquinas,$f1675-1743$4340$3175739 702 #1 $aStrötter,$bJohann,$ffl. 1699-1731?$4650$31994972 702 #1 $aHeiss,$bAnton Maximilian,$ffl. 1718-1748$4610$3175740 801 #0 $aPT$bBN$gRPC 856 40 $2Cópia digital disponível em Österreichische Nationalbibliothek$uhttps://viewer.onb.ac.at/10992D07/3 966 ## $lBN$mFGMON$sR. 1727//2 P. 971 ## $cpmesqui$d20260408 997 ## $aBIBEOD
|
|
|